000 00809nam a2200205 i 4500
001 22629
003 ES-MaACL
005 20251113182103.0
007 t|
008 021203s1946 sp ||||1| spa d
100 1 _aAlonso Muñoyerro Pretel, Antonio.
_920369
245 1 0 _aSesión inaugural del curso 1946-1947
_b: memoria de Secretaría /
_cpor Antonio Alonso Muñoyerro Pretel. Discurso inaugurado sobre "El niño en la clínica quirúrgica" / por Juan Garrido Lestache Díaz.
260 _aMadrid :
_b[s.n.,
_c1946] (
_fGráficas Valera)
300 _a57 p. ;
_c25 cm.
700 1 _aGarrido Lestache, Juan,
_dn. 1891
_955710
710 2 _aSociedad de Pediatría de Madrid.
_96689
740 3 _aEl niño en la clínica quirúrgica.
852 _aES-MaACL
_j1858-F-16
_bR.23115
999 _c22629
_d22629